<?xml version="1.0" encoding="UTF-8"?>
<record
    xmlns:xsi="http://www.w3.org/2001/XMLSchema-instance"
    xsi:schemaLocation="http://www.loc.gov/MARC21/slim http://www.loc.gov/standards/marcxml/schema/MARC21slim.xsd"
    xmlns="http://www.loc.gov/MARC21/slim">

  <leader>00805nam a22001937a 4500</leader>
  <controlfield tag="005">20120903150452.0</controlfield>
  <datafield tag="010" ind1=" " ind2=" ">
    <subfield code="a">B-464457</subfield>
  </datafield>
  <datafield tag="020" ind1=" " ind2=" ">
    <subfield code="a">9780007210138</subfield>
  </datafield>
  <datafield tag="035" ind1=" " ind2=" ">
    <subfield code="a">B-464457</subfield>
  </datafield>
  <datafield tag="037" ind1=" " ind2=" ">
    <subfield code="a">dpl</subfield>
    <subfield code="b">K.K. Pub/Ven</subfield>
  </datafield>
  <datafield tag="082" ind1=" " ind2=" ">
    <subfield code="a">483</subfield>
  </datafield>
  <datafield tag="245" ind1=" " ind2=" ">
    <subfield code="a">Collins Cobuild advanced learner's English dictionary/</subfield>
    <subfield code="h">English</subfield>
  </datafield>
  <datafield tag="260" ind1=" " ind2=" ">
    <subfield code="a">Great Britian</subfield>
    <subfield code="b">Harpercollins Publishers</subfield>
    <subfield code="c">2006</subfield>
  </datafield>
  <datafield tag="270" ind1=" " ind2=" ">
    <subfield code="a">Westerhill Road,Bishopbriggs Glasgow</subfield>
    <subfield code="b">Great Britian</subfield>
    <subfield code="e">C64 2QT</subfield>
  </datafield>
  <datafield tag="300" ind1=" " ind2=" ">
    <subfield code="a">xv 1712p.</subfield>
    <subfield code="b">ill.</subfield>
    <subfield code="c">24cm. (Hb)</subfield>
    <subfield code="e">includes CD-ROM</subfield>
  </datafield>
  <datafield tag="942" ind1=" " ind2=" ">
    <subfield code="2">ddc</subfield>
    <subfield code="c">EN</subfield>
    <subfield code="m">COL</subfield>
    <subfield code="h">483</subfield>
  </datafield>
  <datafield tag="999" ind1=" " ind2=" ">
    <subfield code="c">69679</subfield>
    <subfield code="d">69679</subfield>
  </datafield>
  <datafield tag="952" ind1=" " ind2=" ">
    <subfield code="0">0</subfield>
    <subfield code="1">0</subfield>
    <subfield code="4">0</subfield>
    <subfield code="7">1</subfield>
    <subfield code="8">REF</subfield>
    <subfield code="a">L</subfield>
    <subfield code="b">L</subfield>
    <subfield code="d">2012-09-06</subfield>
    <subfield code="e">K.K.Pub/BL1714/16.02.2012/29/24.01.2012/12.03.2012</subfield>
    <subfield code="g">685.00</subfield>
    <subfield code="l">0</subfield>
    <subfield code="o">483 COL</subfield>
    <subfield code="p">B-464457</subfield>
    <subfield code="r">2012-09-06 00:00:00</subfield>
    <subfield code="t">1</subfield>
    <subfield code="v">685.00</subfield>
    <subfield code="w">2012-09-06</subfield>
    <subfield code="y">EN</subfield>
  </datafield>
</record>
